[Event "Sitges op 28th"]
[Site "Sitges"]
[Date "2002.07.??"]
[Round "6"]
[White "Trikin, Ilia"]
[Black "Munoz Pantoja, Miguel Angel"]
[Result "0-1"]
[WhiteElo "2253"]
[BlackElo "2405"]
[PlyCount "64"]
[EventDate "2002.??.??"]
[EventType "swiss"]
[EventRounds "9"]
[EventCountry "ESP"]
[SourceTitle "EXT 2003"]
[Source "ChessBase"]
[SourceDate "2002.11.25"]
[SourceVersion "1"]
[SourceVersionDate "2002.11.25"]
[SourceQuality "1"]

1. Nf3 c5 2. c4 Nc6 3. Nc3 g6 4. g3 Bg7 5. Bg2 e5 6. 0-0 d6 7. a3 Nge7 8. Rb1 b6 9. e3 Bb7 10. b4 0-0 11. d3 Qd7 12. b5 Na5 13. e4 f5 14. Qe2 Rae8 15. Bd2 Ba8 16. Nd5 Nb7 17. a4 Nd8 18. a5 Nc8 19. axb6 axb6 20. Qd1 Ne6 21. exf5 gxf5 22. Ng5 Nd4 23. Qh5 h6 24. Nh3 Re6 25. Qd1 f4 26. gxf4 Rg6 27. Qh5 Rxg2+ 28. Kxg2 Ne7 29. f3 Nxd5 30. cxd5 Rf5 31. Qg4 Bxd5 32. Rf2 Rg5 0-1

[Event "Sitges op 28th"]
[Site "Sitges"]
[Date "2002.??.??"]
[Round "4"]
[White "Trikin, Ilia"]
[Black "Lacasa Diaz, Jose Antonio"]
[Result "0-1"]
[WhiteElo "2253"]
[BlackElo "2336"]
[PlyCount "56"]
[EventDate "2002.??.??"]
[EventType "swiss"]
[EventRounds "9"]
[EventCountry "ESP"]
[SourceTitle "EXT 2003"]
[Source "ChessBase"]
[SourceDate "2002.11.25"]
[SourceVersion "1"]
[SourceVersionDate "2002.11.25"]
[SourceQuality "1"]

1. Nf3 c5 2. c4 Nc6 3. Nc3 g6 4. g3 Bg7 5. Bg2 Nf6 6. 0-0 0-0 7. d3 d5 8. cxd5 Nxd5 9. Nxd5 Qxd5 10. Nd2 Qd7 11. Re1 b6 12. Nc4 Bb7 13. Rb1 Rfd8 14. Bd2 Nd4 15. Bxb7 Qxb7 16. b4 cxb4 17. Bxb4 Rac8 18. Rc1 h5 19. Qd2 h4 20. gxh4 Nf5 21. e4 Nd4 22. Qe3 Qd7 23. Kg2 b5 24. Na3 Rxc1 25. Rxc1 Bh6 26. Qxh6 Qg4+ 27. Kf1 Qh3+ 28. Ke1 Qxd3 0-1